Uncle tom's cabin / (Record no. 4137)

MARC details
000 -LEADER
fixed length control field 01293nam a22002657a 4500
001 - CONTROL NUMBER
control field 4137
003 - CONTROL NUMBER IDENTIFIER
control field FISKH
005 - DATE AND TIME OF LATEST TRANSACTION
control field 20240611130709.0
008 - FIXED-LENGTH DATA ELEMENTS--GENERAL INFORMATION
fixed length control field 240611b cb ||||| |||| 00| 0 eng d
020 ## - INTERNATIONAL STANDARD BOOK NUMBER
International Standard Book Number 9781591940555
040 ## - CATALOGING SOURCE
Original cataloging agency FISKH
Language of cataloging eng
Transcribing agency FISKH
Modifying agency FISKH
050 ## - LIBRARY OF CONGRESS CALL NUMBER
Classification number PS2954.U5
082 ## - DEWEY DECIMAL CLASSIFICATION NUMBER
Classification number 813.3
100 ## - MAIN ENTRY--PERSONAL NAME
Personal name Stowe Beecher Harriet
Dates associated with a name 1811-1896
245 ## - TITLE STATEMENT
Title Uncle tom's cabin /
Statement of responsibility, etc. Harriet Beecher Stowe
260 ## - PUBLICATION, DISTRIBUTION, ETC.
Place of publication, distribution, etc. London :
Name of publisher, distributor, etc. Townsend Press,
Date of publication, distribution, etc. 2005
300 ## - PHYSICAL DESCRIPTION
Extent 180 pages :
Dimensions 18 cm
505 ## - FORMATTED CONTENTS NOTE
Formatted contents note M<br/>
520 ## - SUMMARY, ETC.
Summary, etc. The novel Uncle Tom's Cabin, by American author Harriet Beecher Stowe, focuses on a slave named Uncle Tom to weave a portrayal of the cruelty of slavery, finding redemption in the idea that Christian love can conquer something so destructive.<br/>It turned out to be the bestselling novel of the nineteenth century, helping to further the abolitionist cause after publication in 1852. At the start of the American Civil War Abraham Lincoln met Stowe and is said to have declared "So this is the little lady who made this big war." The novel had a major effect on people's attitudes towards slavery at the time.<br/>
521 8# - TARGET AUDIENCE NOTE
Target audience note 660<br/>
Source Lexile<br/>
521 8# - TARGET AUDIENCE NOTE
Target audience note M<br/>
Source Raz-Plus<br/>
700 ## - ADDED ENTRY--PERSONAL NAME
Personal name Harriet Beecher Stowe
942 ## - ADDED ENTRY ELEMENTS (KOHA)
Source of classification or shelving scheme Dewey Decimal Classification
Koha item type Books
Suppress in OPAC No
Holdings
Withdrawn status Lost status Source of classification or shelving scheme Damaged status Not for loan Collection Home library Current library Shelving location Date acquired Total Checkouts Full call number Barcode Date last seen Copy number Price effective from Koha item type
    Dewey Decimal Classification     Fiction Footprints International School Library Network Toul Kork Campus Footprints International School Library Network Toul Kork Campus   06/11/2024   STO PS2954.U5 813.3 2024-0866 06/11/2024 1 06/11/2024 Books